The First Written Constitution in the World : An Important Document of the time of the Holy Prophet (Record no. 321342)

000 -LEADER
fixed length control field 00494 a2200157 4500
001 - CONTROL NUMBER
control field 86269
003 - CONTROL NUMBER IDENTIFIER
control field NUST
005 - DATE AND TIME OF LATEST TRANSACTION
control field 20180122103520.0
008 - FIXED-LENGTH DATA ELEMENTS--GENERAL INFORMATION
fixed length control field 180122b xxu||||| |||| 00| 0 eng d
020 ## - INTERNATIONAL STANDARD BOOK NUMBER
International Standard Book Number 9694321921
082 ## - DEWEY DECIMAL CLASSIFICATION NUMBER
Classification number 342.0230917671 HAM
100 ## - MAIN ENTRY--PERSONAL NAME
Personal name Muhammad Hamidullah
9 (RLIN) 9461
245 ## - TITLE STATEMENT
Title The First Written Constitution in the World : An Important Document of the time of the Holy Prophet
Statement of responsibility, etc. Muhammad Hamidullah
Medium English
250 ## - EDITION STATEMENT
Edition statement 3rd
260 ## - PUBLICATION, DISTRIBUTION, ETC.
Place of publication, distribution, etc. Lahore
Name of publisher, distributor, etc. Sh. Muhammad Ashraf
Date of publication, distribution, etc. 2011
300 ## - PHYSICAL DESCRIPTION
Extent 60p.
500 ## - GENERAL NOTE
General note General Collection
942 ## - ADDED ENTRY ELEMENTS (KOHA)
Institution code [OBSOLETE] CAE NUST
Koha item type Book
Call number prefix 342.0230917671 HAM
Source of classification or shelving scheme
Holdings
Withdrawn status Lost status Damaged status Not for loan Collection code Permanent Location Current Location Date acquired Total Checkouts Full call number Barcode Date last seen Price effective from Koha item type
          College of Aeronautical Engineering (CAE) College of Aeronautical Engineering (CAE) 04/03/2017   342.0230917671 HAM CAE85155 04/05/2017 04/05/2017 Book
© 2023 Central Library, National University of Sciences and Technology. All Rights Reserved.